| 000 | 00878nam a22002417a 4500 | ||
|---|---|---|---|
| 001 | 46944 | ||
| 003 | BD-RjUL | ||
| 005 | 20211209054232.0 | ||
| 008 | 160806s1998 ii ||||| |||| 00| 0 ben d | ||
| 020 | _c: IRs 50.00 | ||
| 035 | _a(BD-RjUL)47063 | ||
| 040 |
_aBD-RjUL _bben _cBD-RjUL |
||
| 041 | _aben | ||
| 082 |
_223 _a307.80954 _bDAS 1998 |
||
| 100 |
_aদত্ত, লোকনাথ _9142990 |
||
| 245 |
_aসাঁওতাল কাহিনী : _bবনবীর গাথা |
||
| 260 |
_aকলকাতা : _bলোকসস্কৃতি, _c১৯৯৮ |
||
| 300 |
_a[১২], ২২৯ পৃ. : _bচিত্র ; _c২১ সেমি. |
||
| 650 |
_aআদীবাসী _zভারত _9142991 |
||
| 650 |
_aTribal Groups _zIndia _9142992 |
||
| 700 |
_aচৌধু্রী, অরুণ, সম্পাদক _9142993 |
||
| 942 |
_2ddc _cBK |
||
| 999 |
_c46944 _d46944 |
||